书目信息 |
| 题名: |
德国农民战争
|
|
| 作者: | 吴钧 著 | |
| 分册: | ||
| 出版信息: | 北京 商务印书馆 1978 |
|
| 页数: | 43页 | |
| 开本: | 20cm | |
| 丛书名: | 历史知识小丛书 | |
| 单 册: | ||
| 中图分类: | K516.32 | |
| 科图分类: | ||
| 主题词: | 东欧--历史 , 中欧--历史 | |
| 电子资源: | ||
| ISBN: | ||
| 000 | 00624nam0 2200241 450 | |
| 001 | 0740239645 | |
| 005 | 20070926111146.48 | |
| 010 | @dCNY0.12 | |
| 091 | @a11017.250 | |
| 100 | @a20070926d1978 km y0chiy0120 ea | |
| 101 | 0 | @achi |
| 102 | @aCN@b110000 | |
| 200 | 1 | @a德国农民战争@Ade guo nong min zhan zheng@f吴钧著@Fwu jun zhu |
| 210 | @a北京@c商务印书馆@d1978 | |
| 215 | @a43页@d20cm | |
| 225 | 2 | @a历史知识小丛书 |
| 410 | 0 | @12001 @a历史知识小丛书 |
| 606 | 0 | @a东欧@x历史 |
| 606 | 0 | @a中欧@x历史 |
| 690 | @aK516.32@v3 | |
| 701 | 0 | @a吴钧@Awu jun@4著 |
| 801 | 0 | @aCN@bPFT@c20070926 |
| 905 | @a10447@dK516.32@e25 | |
| 德国农民战争/吴钧著.-北京:商务印书馆,1978 |
| 43页;20cm.-(历史知识小丛书) |
| ISBN :CNY0.12 |
| ● |
| 相关链接 |
|
|
|
|
正题名:德国农民战争
索取号:K516.32/25
 
预约/预借
| 序号 | 登录号 | 条形码 | 馆藏地/架位号 | 状态 | 备注 |
| 1 | 0609406 | 206094064 | 第二样本阅览室/ [索取号:K516.32/25] | 在馆 |